| 000 | 00711nam a2200205 i 4500 | ||
|---|---|---|---|
| 001 | 50330 | ||
| 003 | ES-MaACL | ||
| 005 | 20230906162149.0 | ||
| 007 | t| | ||
| 008 | 030804m19691971sp ||||1| spa d | ||
| 100 | 1 |
_aCruchon, Georges. _941766 |
|
| 245 | 1 | 0 |
_aPsicología pedagógica / _cGeorges Cruchon ; [traducción por Luis Chacón]. |
| 260 |
_aMadrid : _bRazón y Fé, _c1969-71. |
||
| 300 |
_a2 v. ; _c21 cm. |
||
| 505 | 8 | _aContiene: V. I: Las transformaciones de la infancia. -- V. II: La maduración de la adolescencia | |
| 700 | 1 |
_aChacón, Luis. _937760 |
|
| 740 | 4 | _aLas transformaciones de la infancia. | |
| 740 | 3 | _aLa maduración de la adolescencia. | |
| 852 |
_aES-MaACL _jC-55268-9 _bR.71246 |
||
| 999 |
_c50330 _d50330 |
||